|
|
|
|
| LEADER |
00000nab a2200000 ar4500 |
| 001 |
vtls008999080 |
| 003 |
SK-MaSNL |
| 005 |
20260303064817.0 |
| 008 |
070614c2006 xo |||||||||||000 b|slo |
| 015 |
|
|
|a SNBRB2007/06
|2 snkbucl
|
| 038 |
|
|
|a SNKBUCL
|
| 040 |
|
|
|a SNKBUCL
|b slo
|c SNKBUCL
|e AACR2
|
| 041 |
0 |
|
|a slo
|
| 044 |
|
|
|a xo
|c SK
|
| 080 |
|
|
|a 621.397.45
|2 2001
|
| 100 |
1 |
|
|a Bezák, Branislav
|4 aut
|9 1055927
|
| 245 |
1 |
0 |
|a DVD prehrávače s HDMI rozhraním
|c Branislav Bezák
|
| 300 |
|
|
|b Fotogr., tab.
|
| 650 |
0 |
7 |
|a Panasonic DVD-S97 (DVD prehrávač)
|2 snkbucl
|9 1064001
|
| 650 |
0 |
7 |
|a Philips DVP5900 (DVD prehrávač)
|2 snkbucl
|9 1064002
|
| 650 |
0 |
7 |
|a Sony DVP-NS92V (DVD prehrávač)
|2 snkbucl
|9 1064003
|
| 650 |
0 |
7 |
|a DVD prehrávače
|2 snkbucl
|9 70244
|
| 773 |
0 |
|
|t DiGi revue
|g Roč. 2, č. 6 (2006), s. 36-37
|x 1336-5754
|
| 852 |
|
|
|a SNK
|b KIS3GCP
|
| 999 |
|
|
|c 1748608
|d 1750538
|